Caminitos de colores 2 : libro de lectura literatura infantil /
Guardado en:
| Autor Principal: | |
|---|---|
| Otros Autores: | |
| Formato: | Libro |
| Publicado: |
Buenos Aires :
Plus Ultra,
1983.
|
| Materias: | |
| Etiquetas: |
Agregar Etiqueta
Sin Etiquetas, Sea el primero en etiquetar este registro!
|
| LEADER | 00815nam a22002415a 4500 | ||
|---|---|---|---|
| 001 | CEM.cems012501 | ||
| 005 | 20070419201126.0 | ||
| 008 | 130507s1983##################000#0#####d | ||
| 003 | CEMS | ||
| 020 | |a 9502105494 | ||
| 082 | 0 | 4 | |a 372.41 |
| 100 | 1 | |a Lacau, María Hortensia | |
| 245 | 1 | 0 | |a Caminitos de colores 2 : |b libro de lectura literatura infantil / |c María Hortensia Lacau ; maría Esther Grivot de Abate |
| 260 | |a Buenos Aires : |b Plus Ultra, |c 1983. | ||
| 300 | |a 175 p. | ||
| 500 | |a Libro de lectura para 2º año Egb. | ||
| 653 | |a Biblioteca maría de los Ángeles saggio | ||
| 653 | |a Educación | ||
| 653 | |a Educación primaria | ||
| 653 | |a Lengua-2º egb | ||
| 653 | |a Lectura. | ||
| 700 | 1 | |a Grivot de Abate, María Esther | |
| 859 | |a CEMS |b BIB. CEMS - 11 de abril |h 372.41 |i L116 |p 23806.07 |t Ej.1 |v 2º |3 2º | ||
